Guess the 1970s song lyrics #307 - Statistics

General Stats
  • This quiz has been taken 13 times
  • The average score is 176 of 226
Answer Stats
Answer % Correct
I
100%
love
100%
the
100%
you
100%
a
91%
go
91%
your
91%
and
82%
And
82%
But
82%
but
82%
do
82%
don't
82%
Got
82%
in
82%
In
82%
it's
82%
I've
82%
know
82%
me
82%
My
82%
my
82%
not
82%
they
82%
to
82%
what
82%
What
82%
wont'
82%
won't
82%
would
82%
You've
82%
been
73%
came
73%
can't
73%
for
73%
from
73%
I'm
73%
is
73%
let
73%
of
73%
see
73%
thing
73%
up
73%
where
73%
give
64%
Make
64%
only
64%
want
64%
Well
64%
with
64%
around
55%
back
55%
dream
55%
find
55%
friends
55%
never
55%
things
55%
tried
55%
best
45%
daze
45%
may
45%
people
45%
searched
45%
Some
45%
wonder
45%
world
45%
wrong
45%
believe
36%
everything
36%
guess
36%
though
36%
within
36%
true
27%
No matching quizzes found
Score Distribution
Percent of People with Each Score
Percentile by Number Answered
Your Score History
You have not taken this quiz